Príprava obcí na zostavenie rozpočtu na roky 2019-2021

Obsah a ciele príručky na zostavenie rozpočtu na roky 2019 až 2021 (MF /010302/2018-411)

Salvato in:
Dettagli Bibliografici
Autore principale: Konečná Veverková, Ingrid
Natura: Capitolo di libro
Lingua:slovacco
Soggetti:
Tags: Aggiungi Tag
Nessun Tag, puoi essere il primo ad aggiungerne!!

MARC

LEADER 00000naa a2200000 4500
001 0246192
005 20180703120913.9
041 0 |a slo 
044 |a SK 
245 1 0 |a Príprava obcí na zostavenie rozpočtu na roky 2019-2021  |c Ingrid Konečná Veverková 
520 |a Obsah a ciele príručky na zostavenie rozpočtu na roky 2019 až 2021 (MF /010302/2018-411) 
610 2 0 |a obce 
610 2 0 |a rozpočty verejné 
610 2 0 |a správa verejná 
610 2 0 |a Slovensko 
610 2 0 |a pravidlá rozpočtové 
100 1 |a Konečná Veverková, Ingrid